000 00565cam a22001691 4500
082 _a150
_bCLA
_cMCE31.p4
100 1 _aClawson, Joseph,
_937034
245 1 0 _aPsychology in action,
_cby Joseph Clawson.
260 _aNew York,
_bThe Macmillan company,
_c1946.
300 _axi, [1] p., 1 l., 289 p.
_billus., plates, diagrs.
_c24 cm.
500 _a"First printing."
500 _a"Key to references and acknowledgments": p. 275-280.
526 _a0
_b0
_c0
_d150_000000000000000_CLA
650 0 _aMCE
_9379
650 0 _aPsychology, Applied.
_94078
942 _2ddc
_cBK
999 _c541959
_d541959